Citramīmāṃsā. (Record no. 67912)

MARC details
000 -LEADER
fixed length control field 00760cam a22002771 4500
001 - CONTROL NUMBER
control field sa 66001680
003 - CONTROL NUMBER IDENTIFIER
control field DLC
005 - DATE AND TIME OF LATEST TRANSACTION
control field 20260227112223.0
008 - FIXED-LENGTH DATA ELEMENTS--GENERAL INFORMATION
fixed length control field 900214s1965 ii b 000 0 sano
010 ## - LIBRARY OF CONGRESS CONTROL NUMBER
LC control number sa 66001680
035 ## - SYSTEM CONTROL NUMBER
System control number (OCoLC)21064902
040 ## - CATALOGING SOURCE
Original cataloging agency DLC
Transcribing agency WaU
Modifying agency DLC
042 ## - AUTHENTICATION CODE
Authentication code premarc
050 00 - LIBRARY OF CONGRESS CALL NUMBER
Classification number PK840
Item number .A59
100 0# - MAIN ENTRY--PERSONAL NAME
Personal name Appayya Dīkṣita.
245 10 - TITLE STATEMENT
Title Citramīmāṃsā.
260 ## - PUBLICATION, DISTRIBUTION, ETC.
Date of publication, distribution, etc. [1965]
300 ## - PHYSICAL DESCRIPTION
Extent 16, 344 p.
Dimensions 22 cm.
500 ## - GENERAL NOTE
General note Added t.p.: Chitramīmāṃsā.
500 ## - GENERAL NOTE
General note In Sanskrit.
504 ## - BIBLIOGRAPHY, ETC. NOTE
Bibliography, etc. note Bibliographical footnotes.
650 #0 - SUBJECT ADDED ENTRY--TOPICAL TERM
Topical term or geographic name entry element Sanskrit language
General subdivision Rhetoric.
700 1# - ADDED ENTRY--PERSONAL NAME
Personal name Śukla, Kālikāprasāda,
Dates associated with a name 1921-
700 02 - ADDED ENTRY--PERSONAL NAME
Personal name Dharānanda,
Dates associated with a name active 19th century.
Title of a work Sudhā.
740 0# - ADDED ENTRY--UNCONTROLLED RELATED/ANALYTICAL TITLE
Uncontrolled related/analytical title Chitramīmāṃsā.

No items available.

Powered by Koha